| 000 | 00584nam a22002057a 4500 | ||
|---|---|---|---|
| 001 | 5694 | ||
| 003 | FISKH | ||
| 005 | 20250114105220.0 | ||
| 008 | 250114b cb ||||| |||| 00| 0 eng d | ||
| 020 | _a9789744801197 | ||
| 040 |
_aFISKH _beng _cFISKH _dFISKH |
||
| 082 | _aDS554.36 | ||
| 100 | _aMontague, Joel G. | ||
| 245 |
_aPicture postcards of Cambodia 1900-1950 / _cby Joel G. Montague |
||
| 260 |
_aBangkok : _bWhite Lotus Co., Ltd ; _c2010. |
||
| 300 |
_a327 pages : _billustrations ; _c31 cm . |
||
| 650 |
_apostcards _vnon-fiction |
||
| 942 |
_2ddc _cBK _n0 |
||
| 999 |
_c5694 _d5694 |
||